000 00784nam a22002177a 4500
003 UA-OsUOA
001 136778
007 ta
008 20190408b un ||||| |||| 00| 0 ukr d
100 _aСлюсар Л.
090 _a303
_bС49
942 _cSA
040 _aUA-OsUOA
_bukr
_cUA-OsUOA
_dUA-OsUOA
245 _aДемографічні передумови інноваційного розвитку: сучасні проблеми та способи їх подолання
300 _aС.45-51
955 _a0
041 _aukr
080 _a303
773 0 _w136777
_tУкраїна: аспекти праці
_dК.
_d2019
_g1
650 7 _a30 Основні теорії, методологія та методи суспільних наук. Соціографія
_2UDC
999 _c410365
_d410365